[Event "TUN-ch Subsid"]
[Site "Hammamet"]
[Date "2019.10.31"]
[Round "8"]
[White "Mejri, Moncef"]
[Black "Ghanem, Khaled"]
[Result "1-0"]
[WhiteElo "1449"]
[BlackElo "1783"]
[PlyCount "74"]
[EventDate "2019.10.27"]
[EventType "swiss"]
[EventRounds "9"]
[EventCountry "TUN"]
[SourceTitle "EXT 2021"]
[Source "ChessBase"]
[SourceDate "2020.10.23"]
[SourceVersion "1"]
[SourceVersionDate "2020.10.23"]
[SourceQuality "1"]

1. d4 Nf6 2. Nf3 c5 3. e3 cxd4 4. exd4 d5 5. Bd3 Bg4 6. 0-0 e6 7. Nbd2 Nc6 8. c3 Bd6 9. Qb3 Qc7 10. h3 Bh5 11. Re1 0-0 12. Qc2 Rac8 13. a3 a6 14. b4 b5 15. Bb2 Bf4 16. Be2 Bg6 17. Qd1 Qe7 18. a4 Na7 19. Ne5 Bxe5 20. dxe5 Nd7 21. axb5 Nxb5 22. Bxb5 axb5 23. Ra5 d4 24. Qb3 dxc3 25. Bxc3 Rb8 26. Rea1 Qh4 27. Nf3 Qe4 28. Ng5 Qf4 29. Nf3 Rfc8 30. Rd1 Rc7 31. Bd2 Qe4 32. Bc3 Rbc8 33. Rxb5 Rxc3 34. Qxc3 Rxc3 35. Rb8+ Nf8 36. Rdd8 h6 37. Rxf8+ Kh7 1-0

[Event "Ariana Ramadan op U2200"]
[Site "Ariana"]
[Date "2018.05.30"]
[Round "4"]
[White "Ghanem, Khaled"]
[Black "Bousselmi, Moez"]
[Result "1-0"]
[WhiteElo "1820"]
[BlackElo "1465"]
[PlyCount "65"]
[EventDate "2018.05.27"]
[EventType "swiss"]
[EventRounds "9"]
[EventCountry "TUN"]
[SourceTitle "EXT 2019"]
[Source "ChessBase"]
[SourceDate "2018.10.10"]
[SourceVersion "1"]
[SourceVersionDate "2018.10.10"]
[SourceQuality "1"]

1. Nf3 e6 2. d4 d5 3. Bf4 c6 4. e3 Nd7 5. Bd3 Qb6 6. b3 Ne7 7. Nbd2 Ng6 8. Bg3 Bb4 9. 0-0 c5 10. c4 Bc3 11. Rc1 cxd4 12. exd4 Bb4 13. cxd5 exd5 14. Re1+ Ne7 15. Qc2 0-0 16. Bxh7+ Kh8 17. Bd3 Bd6 18. Bxd6 Qxd6 19. Qc7 Qxc7 20. Rxc7 Nc6 21. Bb5 Ndb8 22. Rc1 a6 23. Bd3 Nd7 24. Bf5 Rd8 25. Ng5 Kg8 26. Ndf3 g6 27. Bg4 Kg7 28. g3 Kf6 29. h4 Kg7 30. h5 Ne7 31. Re1 Nc6 32. h6+ Kf6 33. Nh7# 1-0

[Event "Tunis Ariana op"]
[Site "Tunis"]
[Date "2017.04.26"]
[Round "2"]
[White "Saadani, Tarak"]
[Black "Ghanem, Khaled"]
[Result "1-0"]
[WhiteElo "2060"]
[BlackElo "1824"]
[PlyCount "69"]
[EventDate "2017.04.25"]
[EventType "swiss"]
[EventRounds "9"]
[EventCountry "TUN"]
[SourceTitle "CBM 178 Extra"]
[Source "ChessBase"]
[SourceDate "2017.06.22"]
[SourceVersion "1"]
[SourceVersionDate "2017.06.22"]
[SourceQuality "1"]

1. e4 c5 2. Nc3 Nc6 3. g3 g6 4. Bg2 Bg7 5. Nge2 e6 6. 0-0 Nge7 7. d3 0-0 8. Be3 Nd4 9. Qd2 d6 10. Nc1 Bd7 11. Nd1 e5 12. c3 Ndc6 13. Bh6 f5 14. Bxg7 Kxg7 15. f4 Rc8 16. Ne2 b5 17. Ne3 Be6 18. Nd5 Bxd5 19. exd5 Nb8 20. c4 bxc4 21. fxe5 dxe5 22. dxc4 Qd6 23. Qa5 Nd7 24. Nc3 a6 25. a3 e4 26. Nd1 Ne5 27. Ne3 Rb8 28. Qc3 Rb6 29. Rab1 Qf6 30. Bxe4 Rfb8 31. Kh1 Rb3 32. Qd2 Qg5 33. Nxf5+ Nxf5 34. Qxg5 h6 35. Qf4 1-0